| 000 | 00629nam a2200181 4500 | ||
|---|---|---|---|
| 999 |
_c13828 _d13828 |
||
| 020 | _a9789710097197 | ||
| 082 | _aFil. 248.4 W6645g 2017 | ||
| 100 | _aWong, Jojie | ||
| 245 |
_aEric liddell : _bgod over gold / _cwritten by Jojie Wong ; illustrated by Jether Omar |
||
| 260 |
_aMetro Manila _bOMF Literature Inc. _cc2017 |
||
| 300 |
_a31 pages : _bchiefly colored illustrations ; _c22.5 x 17 cm |
||
| 526 |
_a200-299 _d220 |
||
| 650 | _aChristian athletes | ||
| 650 | _aChristian life -- Juvenile literature | ||
| 650 | _aChildren's stories, Philippine (English) | ||
| 650 | _aChildren's stories, Tagalog | ||
| 942 |
_2ddc _cBK |
||